UM Logo

Principles of operations management/ (Record no. 5041)

MARC details
000 -LEADER
fixed length control field 00623nam a2200181 4500
008 - FIXED-LENGTH DATA ELEMENTS--GENERAL INFORMATION
fixed length control field 161007b xxu||||| |||| 00| 0 eng d
020 ## - INTERNATIONAL STANDARD BOOK NUMBER
International Standard Book Number 9814058823
082 ## - DEWEY DECIMAL CLASSIFICATION NUMBER
Edition number 2001
Classification number DC 658.5
Item number H36
100 ## - MAIN ENTRY--PERSONAL NAME
9 (RLIN) 15768
Personal name Heizer, Jay H.
245 ## - TITLE STATEMENT
Title Principles of operations management/
Statement of responsibility, etc. Jay H. Heizer and Barry Render.
250 ## - EDITION STATEMENT
Edition statement 4th edition
260 ## - PUBLICATION, DISTRIBUTION, ETC. (IMPRINT)
Place of publication, distribution, etc. New Jersey:
Name of publisher, distributor, etc. Prentice Hall,
Date of publication, distribution, etc. c2001.
300 ## - PHYSICAL DESCRIPTION
Extent xxxi, 116 pages:
Other physical details illustrations;
Dimensions 25 cm.
500 ## - GENERAL NOTE
General note Includes bibliographical references appendices and index.
650 #0 - SUBJECT ADDED ENTRY--TOPICAL TERM
9 (RLIN) 15769
Topical term or geographic name as entry element Production management
700 ## - ADDED ENTRY--PERSONAL NAME
9 (RLIN) 15770
Personal name Render, Barry
Relator term Author
942 ## - ADDED ENTRY ELEMENTS (KOHA)
Source of classification or shelving scheme Dewey Decimal Classification
Koha item type Circulation
Holdings
Withdrawn status Lost status Source of classification or shelving scheme Damaged status Not for loan Collection code Home library Current library Date acquired Total Checkouts Full call number Barcode Date last seen Price effective from Koha item type
    Dewey Decimal Classification     Circulation UM Digos College - LIC UM Digos College - LIC 02/14/2004   DC 658.5 H36 2001 16682 05/15/2025 10/07/2016 Circulation